Belgyógyászati vesebetegségek Dialízisek /

Elmentve itt :
Bibliográfiai részletek
Szerzők: Ondrik Zoltán
Bajcsi Dóra
Ábrahám György
Morvay Zita
Dokumentumtípus: Könyv része
Megjelent: Medicina Könyvkiadó Zrt. Budapest 2016
Sorozat:Tünetorientált klinikoradiológia
Tárgyszavak:
mtmt:2989563
Online Access:http://publicatio.bibl.u-szeged.hu/18117
LEADER 00909naa a2200253 i 4500
001 publ18117
005 20260305101133.0
008 200203s2016 hu o 000 hun d
020 |a 9789632265483 
024 7 |a 2989563  |2 mtmt 
040 |a SZTE Publicatio Repozitórium  |b hun 
041 |a hun 
100 1 |a Ondrik Zoltán 
245 1 0 |a Belgyógyászati vesebetegségek  |h [elektronikus dokumentum] :  |b Dialízisek /  |c  Ondrik Zoltán 
260 |a Medicina Könyvkiadó Zrt.  |b Budapest  |c 2016 
300 |a 4 
300 |a 184-187 
490 0 |a Tünetorientált klinikoradiológia 
650 4 |a Klinikai orvostan 
700 0 1 |a Bajcsi Dóra  |e aut 
700 0 1 |a Ábrahám György  |e aut 
700 0 1 |a Morvay Zita  |e aut 
856 4 0 |u http://publicatio.bibl.u-szeged.hu/18117/6/2989563_c%C3%ADmlap_tartj.pdf  |z Dokumentum-elérés  
856 4 0 |u http://publicatio.bibl.u-szeged.hu/18117/560/dial%C3%ADzisek.pdf  |z Dokumentum-elérés